000 01976nam0a2200409 4500
001 RU\NLR\bibl\202168
005 20260405121800.0
010 _a5-8192-0104-3
_9500
021 _aRU
_b2001-54565
_92649
035 _a(NLR Aleph) 000198485
090 _a1149730
_c1149730
100 _a20011113d2001 |||y0rusy50 ca
101 0 _arus
102 _aRU
105 _aa |||||||||
135 _acrmn mmmanaba
200 1 _aГосударственная информация и демократизация общества
_eМатериалы Междунар. конф. (15-16.05.2000)
_f[Сост. А.А. Викулин
_gРедкол.: В.Р. Фирсов и др.]
210 _aСПб.
_cИзд-во Рос. нац. б-ка
_d2001
215 _a288 с.
_cил.
_d20
300 _aВ надзаг.: Рос. библ. ассоц., Рос. нац. б-ка, Нем. культ. центр им. Гете и др.
320 _aБиблиогр.: с. 255-256 (3 назв.)
325 _aКопия доступна в Электрон. б-ке РНБ
606 0 _aИнформация
_jСъезды, совещания и т.п.
_xЗащита
_xПравовые вопросы
_92055283
_3RU\NLR\auth\661232502
606 0 _aИнформация правовая
_jСъезды, совещания и т.п.
_91131083
_3RU\NLR\auth\66129995
686 _aХ62ф.я431
686 _aХ916.9я431
702 1 _aВикулин
_bА. А.
_4220
702 1 _4340
_7ca
_8rus
_aФирсов
_bВ. Р.
_f1952-
_gВладимир Руфинович
_930677
_3RU\NLR\auth\7747742
801 0 _aRU
_bNLR
_c20011113
_gPSBO
801 1 _aRU
_bNLR
_c20011113
942 _cBOOK
980 _aNB
981 1 8 _a(18) Планета РНБ
_b(18) Труды сотрудников РНБ